Browns QB Graveyard (2000-2025) - Statistics

General Stats
  • This quiz has been taken 20 times
  • The average score is 18 of 41
Answer Stats
Initials Year/s Games Started Answer % Correct
BM 2018-2021 59 Baker Mayfield
94%
TC 1999-2003 59 Tim Couch
83%
DW 2022- 13 DeShaun Watson
72%
JF 2023-2025 9 Joe Flacco
72%
RG3 2016 7 Robert Griffin
67%
BH 2013-2014 16 Brian Hoyer
61%
DK 2017 15 DeShone Kizer
61%
DTR 2023-2024 5 Dorian Thompson-Robinson
61%
JW 2024 7 Jameis Winston
61%
PW 2023-2024 4 P.J Walker
61%
BZ 2024 1 Bailey Zappe
56%
CM 2010-2011 21 Colt Mccoy
56%
DA 2006-2009 34 Derek Anderson
56%
JB 2022 11 Jacoby Brissett
56%
JM 2014-2015 8 Johnny Manziel
56%
TT 2018 3 Tyrod Taylor
56%
BQ 2008-2009 12 Brady Quinn
50%
BW 2012-2013 20 Brandon Weeden
50%
CK 2016 8 Cody Kessler
44%
JM 2015-2016 11 Josh McCown
44%
LM 2005 4 Luke McCown
44%
CF 2005-2007 19 Charlie Frye
39%
JD 2023 1 Jeff Driskel
39%
JG 2004 10 Jeff Garcia
39%
JD 2010 4 Jake Delhomme
33%
SW 2010-2011 8 Seneca Wallace
33%
TD 1999 2 Ty Detmer
33%
SW 2000 1 Spergon Wynn
28%
TD 2005 11 Trent Dilfer
28%
AD 2015-2016 2 Austin Davis
22%
BG 2008 1 Bruce Gradkowski
22%
CS 2014 1 Connor Shaw
22%
JC 2013 8 Jason Campbell
22%
KH 2002-2004 12 Kelly Holcomb
22%
KH 2017 1 Kevin Hogan
22%
NM 2021 1 Nick Mullens
22%
CK 2021 2 Case Keenum
17%
KD 2008 3 Ken Dorsey
17%
DG 2025- 4 Dillion Gabriel
11%
DP 2000 8 Doug Peterson
11%
TL 2012 1 Thad Lewis
11%
No matching quizzes found
Score Distribution
Percent of People with Each Score
Percentile by Number Answered
Your Score History
You have not taken this quiz